|
|
|
|
| LEADER |
00000cam a2200000 7i4500 |
| 001 |
0000000420 |
| 005 |
20000810.0 |
| 020 |
0 |
0 |
|a 967943565
|
| 090 |
0 |
0 |
|a 639.909595
|b CON 1996
|
| 245 |
0 |
0 |
|a CONSERVATION and faunal biodiversity in Malaysia
|c edited by Zainal Abidin Abu Hasan, Zubaid Akbar
|
| 260 |
0 |
0 |
|a Bangi :
|b Penerbit UKMalaysia ,
|c 1996
|
| 300 |
|
|
|a 163 p. :
|b ill., maps ;
|c 23 cm.
|
| 440 |
0 |
0 |
|a Collection of working papers
|b Universiti Kebangsaan Malaysia
|
| 500 |
0 |
0 |
|a Bibliography: [p. 160]
|
| 650 |
0 |
0 |
|a Biological diversity conservation
|z Malaysia
|x Congresses
|
| 650 |
0 |
0 |
|a Fishes
|x Ecology
|z Malaysia
|x Congresses
|
| 650 |
0 |
0 |
|a Marine fauna
|z Malaysia
|x Congresses
|
| 650 |
0 |
0 |
|a Wildlife conservation
|z Malaysia
|x Congresses
|
| 700 |
0 |
1 |
|a Zainal Abidin Abu Hasan
|
| 700 |
0 |
1 |
|a Zubaid Akbar
|
| 999 |
|
|
|a 0000001587
|b Monograph
|c Open Shelf
|e Default branch
|